| 000 | 00443nam a2200193Ia 4500 | ||
|---|---|---|---|
| 008 | 210210b1949 xxu||||| |||| 00| 0 eng d | ||
| 041 | _aeng | ||
| 082 | _a320/572 | ||
| 100 | _aSTANNARD (H) | ||
| 245 | _aTwo constitutions: USA and England | ||
| 260 |
_a _bNot Mentioned _c1949 |
||
| 650 | _aUSA | ||
| 650 | _aTwo | ||
| 650 | _aEngland | ||
| 650 | _aconstitutions: | ||
| 650 | _aand | ||
| 690 | _aPolitical Science | ||
| 906 | _a003205 | ||
| 999 |
_c118542 _d118542 |
||